Responses for Show #4817 - Tuesday, July 12, 2005

David Madden game 6.

Contestants

[<< previous game]

Charles Martin, a lawyer from Washington, D.C.

Kem Herding, a homemaker and freelance editor from Highlands, North Carolina

David Madden, a student originally from Ridgewood, New Jersey (whose 5-day cash winnings total $126,500)

[next game >>]

Jeopardy! Round responses

NATIONAL ANTHEMS
HOP, SKIP OR JUMP
ON THE OLD QUARTER
I PROMISED YOU THE ROSE GARDEN
THE TERRIBLE TWOS
POTPOURRI
(Alex: And this category will feature Sony's very impressive corporate ambassador, QRIO.) (QRIO: [Walking and clapping] Look, I'm on TV!) (Alex: Yes. It won't be too long before a larger version of QRIO will be standing right here, believe me!)
    $200 12
Ireland

David
    $200 25
jump

David
    $200 17
pluribus

Charles
    $200 29
Richard Nixon

Kem
    $200 30
[NOTE: This was the 25,000th clue entered into the J! Archive, 2005-07-12.]

NO!

Kem
    $200 2
the sign

Charles
    $400 7
Switzerland

David
    $400 28
skip

David
    $400 15
(Alex: Right. No, I'm sorry. Left is correct. Right... Oh, forget it.)

left

Charles
    $400 26
a turkey

Charles
    $400 27
(Alex: Yeah. In my case, they waited until I was 16.)

toilet training

David
    $400 3
tai chi

David
    $600 4
Israel

Kem
    $600 16
jump

David
    $600 14
Liberty

David
    $600 10
magnolia

David
    $600 22
a sippy cup

Kem
    $600 5
salsa

David
    $800 1
Australia

Kem
    $800 18
hops

Kem
    $800 11
trust

David
    $800 8
(Ruth) Ginsburg

David
    $800 23
a stroller

Kem
    $800 20
The Village People

Kem
    $1000 6
(Kem: What is Rome?)

Vatican City

DavidKem
    $1000 19
the skip

Kem
    $1000 13
(the) olive (tree)

David
    $1000 9
(Andrei) Gromyko

Charles
    $1000 24
Bear in the Big Blue House

Kem
    $1000 21
offsides

Charles

Scores at the first commercial break (after clue 13):

David Kem Charles
$5,800 $400 $1,200

Scores at the end of the Jeopardy! Round:

David Kem Charles
$8,000 $5,800 $3,200

Double Jeopardy! Round responses

BOOKS & AUTHORS
'80s MOVIE QUOTES
(Alex: We want you players to name the film.)
WILDLIFE
IT'S GREEK CUISINE TO ME
I'M FEELING CONFLICTED
CHOOSE A "CIDE"
    $400 29
(Sue) Grafton

David
    $400 20
Airplane!

David
    $400 26
a giraffe

Kem
    $400 9
feta

Charles
    $400 25
(Alex: [Before reading the clue] With less than a minute now.]

the Crusades

David
    $400 28
suicide

David
    $800 30
The Bell Jar

David
    $800 19
Rain Man

Kem
    $800 6
a turtle

Kem
    $800 10
(Kem: What is shish kebab?)

souvlakia

DavidKem
    $800 24
the Norman Invasion, Battle of Hastings

David
    $800 27
matricide

David
    $1200 12
Robert Ludlum

Triple Stumper
    $1200 3
Ferris Bueller's Day Off

David
    $1200 4
a moray

David
    $1200 16
ouzo

Kem
    $6,000 22
the Peloponnesian War

David
    $1200 1
regicide

David
    $1600 11
Irving Stone

Triple Stumper
    $1600 7
Bull Durham

Kem
    $1600 2
the gibbon

Kem
    $1600 17
phyllo

Kem
    $1600 21
The Wars of the Roses

David
    $1600 14
deicide

David
    $400 13
All the King's Men

David
    $2000 8
Raiders of the Lost Ark

Triple Stumper
    $2000 5
(Kem: What's an emu?)
(Charles: What is an ostrich?)

a rhea

DavidKemCharles
    $2000 18
spanakopita

Triple Stumper
    $2000 23
Queen Anne

Triple Stumper
    $2000 15
felicide

Kem

Scores at the end of the Double Jeopardy! Round:

David Kem Charles
$28,000 $13,000 $1,600
(lock game)

[wagering suggestions for these scores]

Final Jeopardy! Round responses

THE 50 STATES
(Alex: There is significance in the year that comes up in the clue--it relates to the state's nickname.)
...
(Alex: Yes, the Centennial State.)
CharlesWhat is Colorado?
$1,500
KemWhat is ?
$9,000
DavidWhat is Colorado?
$1,000
Colorado

Final scores:

David Kem Charles
$29,000 $4,000 $3,100
6-day champion: $155,500 2nd place: $2,000 3rd place: $1,000

Game dynamics:

Coryat scores:

David Kem Charles
$24,800 $13,000 $1,600
30 R
(including 3 DDs),
0 W
18 R,
3 W
7 R,
1 W

Combined Coryat: $39,400

[game clues] [game scores] [suggest correction]

Game tape date: 2004-12-15
The J! Archive is created by fans, for fans. Scraping, republication, monetization, and malicious use prohibited; this site may use cookies and collect identifying information. See terms. The Jeopardy! game show and all elements thereof, including but not limited to copyright and trademark thereto, are the property of Jeopardy Productions, Inc. and are protected under law. This website is not affiliated with, sponsored by, or operated by Jeopardy Productions, Inc. Join the discussion at JBoard.tv.